Countries by Area - G - Statistics

General Stats
  • This quiz has been taken 39 times
  • The average score is 9 of 11
Answer Stats
Country Area (sq. km) % Correct
Germany 357,021
95%
Guatemala 108,890
86%
Guinea-Bissau 36,120
84%
Guinea 245,857
81%
Guyana 214,970
81%
Grenada 340
78%
Gabon 267,667
76%
Ghana 238,540
73%
Greece 131,940
73%
Gambia 11,300
68%
Georgia 69,701
68%
No matching quizzes found
Score Distribution
Percent of People with Each Score
Percentile by Number Answered
Your Score History
You have not taken this quiz